000 00298nam a22001337a 4500
008 170606b xxu||||| |||| 00| 0 eng d
020 _a039395267-x
041 _aeng
080 _24TH
_a94
100 _a18
101 _aSHH
245 _aA HISTORY OF WESTERN MUSIC
_cGROUT,D.J
942 _2udc
_cBK
999 _c15997
_d15997